Statistiken für KVB Köln: Linie 9

Klicken Sie hier um das Quiz zu spielen!

Allgemein

  • Dieses Quiz wurde 140 mal gespielt
  • Das Durchschnittsergebnis liegt bei 17 aus 24

Antwortstatistiken

Haltestelle% Korrekt
Rath-Heumar
99%
Neumarkt
98%
Bahnhof Deutz/Messe/Lanxess arena
97%
Heumarkt
97%
Deutzer Freiheit
94%
Zülpicher Platz
90%
Universität
86%
Königsforst
84%
Kalk Post
80%
Dasselstraße/Bahnhof Süd
79%
Kalk Kapelle
79%
Mauritiuskirche
79%
Ostheim
67%
Vingst
67%
Autobahn
64%
Sülz Hermeskeiler Platz
62%
Zülpicher Straße/Gürtel
62%
Deutz Fachhochschule
60%
Lindenburg
52%
Weyertal
52%
Mommsenstraße
40%
Steinweg
39%
Röttgensweg
36%
Porzer Straße
34%

Verteilung der Resultate

Perzentil nach korrekt beantworteten Fragen

Anzahl Personen mit jedem Resultat

Ihre Resultats-Entwicklung

Sie haben dieses Quiz noch nicht gespielt